Library of the University of Algiers 3
Ibrahim Sultan Cheibout
شعار جامعة الجزائر 3
مكتبة جامعة الجزائر 3
إبراهيم سلطان شيبوط

الشركات الإلكترونية / (رقم التسجيلة. 43095)

تفاصيل مارك
000 -LEADER
fixed length control field 01617nam a2200217Ia 4500
003 - CONTROL NUMBER IDENTIFIER
control field Ost
005 - DATE AND TIME OF LATEST TRANSACTION
control field 20260507075122.0
008 - FIXED-LENGTH DATA ELEMENTS--GENERAL INFORMATION
fixed length control field 260507s9999||||xx |||||||||||||| ||und||
040 ## - CATALOGING SOURCE
Transcribing agency fsecg
041 ## - LANGUAGE CODE
Language code of text/sound track or separate title ara
082 ## - DEWEY DECIMAL CLASSIFICATION NUMBER
Classification number 330
100 ## - MAIN ENTRY--PERSONAL NAME
Personal name الجنبهي، منير محمد
Relator term مؤلف
245 #0 - TITLE STATEMENT
Title الشركات الإلكترونية /
Statement of responsibility, etc. منير محمد الجنبهي
260 ## - PUBLICATION, DISTRIBUTION, ETC.
Place of publication, distribution, etc. الإسكندرية:
Name of publisher, distributor, etc. دار الفكر الجامعي,
Date of publication, distribution, etc. 2005
300 ## - PHYSICAL DESCRIPTION
Extent 302 صفحة؛
Dimensions 24 سم
520 ## - SUMMARY, ETC.
Summary, etc. العوامل التي ساعدت على نمو التجارة الإلكترونية-خصائص التجارة الإلكترونية-أنواع الشركات الإلكترونية-مخاطر الشركات الإلكترونية-الطبيعة القانونية لعقد تأسيس الشركات الإلكترونية-المنازعات الخاصة بالشركات الإلكترونية-خضوع الشركات الإلكترونية للضرائب-ماهية الأموال المتداولة بين الشركات الإلكترونية وعملائها-الطبيعة القانونية للبيانات الإلكترونية المتداولة بين الشركات الإلكترونية وعملائها-الطبيعة القانونية للعقود الإلكترونية التي قد تبرمجها الشركات الإلكترونية مع الغير-التوقيع الإلكتروني للعملاء.
653 ## - INDEX TERM--UNCONTROLLED
Uncontrolled term الشركات
653 ## - INDEX TERM--UNCONTROLLED
Uncontrolled term الشركات الإلكترونية
700 ## - ADDED ENTRY--PERSONAL NAME
Personal name ممدوح، محمد الجنبهي
Relator term مؤلف ثانوي
942 ## - ADDED ENTRY ELEMENTS (KOHA)
Koha item type كتب
المقتنيات
Withdrawn status Lost status Source of classification or shelving scheme Damaged status Not for loan Home library Current library Date acquired Serial enumeration / chronology Inventory number Total checkouts Full call number Barcode Date last seen Price effective from Koha item type
    Dewey Decimal Classification   Available مكتبة كلية العلوم الإقتصادية والعلوم التجارية وعلوم التسيير مكتبة كلية العلوم الإقتصادية والعلوم التجارية وعلوم التسيير 07/05/2026 الطابق الأرضي 2019/1   أ/2019ن1 2019/1 07/05/2026 07/05/2026 كتب
    Dewey Decimal Classification   Available مكتبة كلية العلوم الإقتصادية والعلوم التجارية وعلوم التسيير مكتبة كلية العلوم الإقتصادية والعلوم التجارية وعلوم التسيير 07/05/2026 الطابق الأرضي 2019/2   أ/2019ن2 2019/2 07/05/2026 07/05/2026 كتب
    Dewey Decimal Classification   Available مكتبة كلية العلوم الإقتصادية والعلوم التجارية وعلوم التسيير مكتبة كلية العلوم الإقتصادية والعلوم التجارية وعلوم التسيير 07/05/2026 الطابق الأرضي 2019/3   أ/2019ن3 2019/3 07/05/2026 07/05/2026 كتب
    Dewey Decimal Classification   Available مكتبة كلية العلوم الإقتصادية والعلوم التجارية وعلوم التسيير مكتبة كلية العلوم الإقتصادية والعلوم التجارية وعلوم التسيير 07/05/2026 الطابق الثاني 2019/4   أ/2019ن4 2019/4 07/05/2026 07/05/2026 كتب
    Dewey Decimal Classification   Available مكتبة كلية العلوم الإقتصادية والعلوم التجارية وعلوم التسيير مكتبة كلية العلوم الإقتصادية والعلوم التجارية وعلوم التسيير 07/05/2026 الطابق الثاني 2019/5   أ/2019ن5 2019/5 07/05/2026 07/05/2026 كتب
    Dewey Decimal Classification   NOT LOAN / إعارة داخلية مكتبة كلية العلوم الإقتصادية والعلوم التجارية وعلوم التسيير مكتبة كلية العلوم الإقتصادية والعلوم التجارية وعلوم التسيير 07/05/2026 الطابق الأرضي 025.21/219   أ/2019ن6 025.21/219 07/05/2026 07/05/2026 كتب

موارد الويب المفتوحة


© University of Algiers 3 All Rights Reserved
|
Implemented by LECHELAH Riad